00597 2200205 4500001002100000005001800021008004100039035002400080040001200104090002000116100001500136245008400151250001000235260003900245300002700284650002900311700002400340850001200364999001500376YOGYA-1010000000002520101001082802452 ind  0010-101000000000025 aYOPDYOG aUT 371.42 Sur B aSurya, Moh aBuku materi pokok pengantar bimbingan dan penyuluhanb: PEN 2102/2sks/modul 1-3 aCet 1 aJakartabUniversitas Terbukac1985 a148 hlm.bilus.c29 cm aBimbingan dan penyuluhan aMatawijaya, Rokhman aYOPDYOG aA000001523